01183nam a2200193Ia 4500001001000000003001000010008004100020040002500061041001200086100002500098245010500123250001100228260006400239300001200303500026800315501011400583520026800697650002400965L230-6067IT-CnALBA170116s9999||||xx |||||||||||||| ||und|| aIT-CnALBAcIT-CnALBA aLATINO  aPESCH CRISTIANO, SJ. 0aPRAELECTIONES DOGMATICAE. TOMUS IV. DE VERBO INCARNATO. DE BEATA VIRGINE MARIA. DE CULTU SANCTORUM.  a2a ed. aFRIBURGO, WIENbHERDER & C. ED. PONTc1900 [1° Ed.: n.d.] a338 p.  aCRISTOLOGIA. PERSONA NATURA DEL VERBI INCARNATO. UNIONE IPOSTATICA. PROPRIETÀ DEL CORPO DI CRISTO. NECESSITÀ CONVENIENZA FINE DELL'INCARNAZIONE. CRISTO MEDIATORE SACERDOTE PROFETA RE. MARIA LA VERGINE. SANTITÀ VERGINITÀ. ASSUNZIONE. MEDIAZIONE. CULTO DEI  aSocietà San Paolo EM - Piazza San Paolo, 14 - 12051 ALBA (CN) (non commercial uses only) ® Copyright 2017 aCRISTOLOGIA. PERSONA NATURA DEL VERBI INCARNATO. UNIONE IPOSTATICA. PROPRIETÀ DEL CORPO DI CRISTO. NECESSITÀ CONVENIENZA FINE DELL'INCARNAZIONE. CRISTO MEDIATORE SACERDOTE PROFETA RE. MARIA LA VERGINE. SANTITÀ VERGINITÀ. ASSUNZIONE. MEDIAZIONE. CULTO DEI  aDOGMATICA CRISTIANA